| 000 | 00313 a2200121 4500 | ||
|---|---|---|---|
| 001 | 57498 | ||
| 082 | _a390.5491 SHA | ||
| 090 |
_c35228 _d35228 |
||
| 100 | _aShahid Hussain Razaq | ||
| 245 | _aPakistani mussalmanoon ke rasoom wa rewaj | ||
| 260 |
_aLahore _bSang-e- Meel Publications _c1996 |
||
| 300 | _a244p | ||
| 942 |
_aNUST-CAE _k390.5491 SHA |
||
| 999 |
_c292571 _d292571 |
||